Catálogo
 En Linea

África de Cairo a Cabo / (Registro nro. 42101)

Detalles MARC
000 -CABECERA
campo de control de longitud fija 00610nam a2200205 a 4500
001 - NÚMERO DE CONTROL
campo de control 000042612
005 - FECHA Y HORA DE LA ÚLTIMA TRANSACCIÓN
campo de control 20201002040255.0
008 - DATOS DE LONGITUD FIJA--INFORMACIÓN GENERAL
campo de control de longitud fija 140131s1998 sp ab 000 0 spa d
020 ## - NÚMERO INTERNACIONAL ESTÁNDAR DEL LIBRO
Número Internacional Estándar del Libro 8401540550
040 ## - FUENTE DE LA CATALOGACIÓN
Centro catalogador/agencia de origen DO-SdBNP
Lengua de catalogación spa
Centro/agencia transcriptor BNPHU
041 17 - CÓDIGO DE LENGUA
Código de lengua del texto/banda sonora o título independiente spa
Código de lengua original eng
082 ## - NÚMERO DE LA CLASIFICACIÓN DECIMAL DEWEY
Número de clasificación xxx
Número de documento/Ítem A258M
100 1# - ENTRADA PRINCIPAL--NOMBRE DE PERSONA
Nombre de persona Meneses, Enrique,
Fechas asociadas al nombre 1929-2013.
9 (RLIN) 69862
245 10 - MENCIÓN DE TÍTULO
Título África de Cairo a Cabo /
Mención de responsabilidad, etc. Enrique Meneses.
260 ## - PUBLICACIÓN, DISTRIBUCIÓN, ETC.
Lugar de publicación, distribución, etc. Barcelona :
Nombre del editor, distribuidor, etc. Plaza & Janés,
Fecha de publicación, distribución, etc. 1998.
300 ## - DESCRIPCIÓN FÍSICA
Extensión 254 p. :
Otras características físicas il., mapas ;
Dimensiones 18 cm.
490 1# - MENCIÓN DE SERIE
Mención de serie Viajes y aventuras
Designación de volumen o secuencia 1
590 ## - NOTA LOCAL (RLIN)
Nota local Inventariado, 2019 /LP.
830 #0 - PUNTO DE ACCESO ADICIONAL DE SERIE-TÍTULO UNIFORME
Título uniforme Viajes y aventuras
Designación de volumen o secuencia 1
9 (RLIN) 69863
Existencias
Estado de retiro Estado de pérdida Restricciones de uso No para préstamo Código de colección Localización permanente Ubicación/localización actual Ubicación en estantería Fecha de adquisición Número de inventario Total de préstamos Signatura topográfica completa Código de barras Fecha visto por última vez Precio válido a partir de Tipo de ítem Koha
      Excluido de préstamo Monografías: Libros y Folletos General General Depósito 31.01.2014 LF1   xxx A258M 42612-10 25.06.2020 25.06.2020 No se presta

Con tecnología Koha